000 00447nam a22001931a 4500
001 4203
003 OSt
005 20260204211920.0
008 050730s1988||||sp ||||||b||||||||||spa||
020 _a84965224741
050 _a863 R279m
245 _aRelatos de mujeres (I) / R. Chacel
264 _aEspaña: Editorial Popular
300 _a94 p
500 _aRomo I
650 _a1.Cuentos - Narrativa
700 _aChacelÌ
942 _2ddc
_cBK
999 _c4203
_d4203